000 00250nam a22001097a 4500
040 _cSY
082 _a519
100 _aENG LENG; អេង លេង
245 _aស្ថិតិអាជីវកម្ម
260 _aRUA
_bENG
_c2000
942 _cKB
999 _c9726
_d9726